| 000 | 00821nam a2200193 a 4500 | ||
|---|---|---|---|
| 003 | 0 | ||
| 005 | 20250423095541.0 | ||
| 008 | 050809s19uu xx 00 eng d | ||
| 050 |
_aPHS PE 1128.A2 _b.Y67 2005 |
||
| 100 | _aYoshida, Joisu C. | ||
| 245 |
_aA Comparative study on the perceptions on the use of English as a second language between Japanese teenagers and adults / _cJoisu C. Yoshida |
||
| 260 |
_aLas PiƱas City, Philippines : _bSouthville International School and Colleges, _c2005. |
||
| 300 |
_a25 pages : _billustrations ; _c28 cm. |
||
| 504 | _aIncludes bibliographical references. | ||
| 650 |
_2Library of Congress Subject Headings _aEnglish language _xStudy and teaching _vForeign speakers |
||
| 650 |
_aEnglish language _xStudy and teaching _vJapanese speakers. |
||
| 942 |
_2lcc _cPASS |
||
| 999 |
_c97324 _d97324 |
||